logo

Bir Sreshtho Munshi Abdur Rouf Library
Jhenaidah Cadet College

রাজার ছেলে : (Record no. 3533)

MARC details
000 -LEADER
fixed length control field 00677nam a2200217 a 4500
001 - CONTROL NUMBER
JCCL Control Number 3533
003 - CONTROL NUMBER IDENTIFIER
JCCL marc code BD-JhCC
005 - DATE AND TIME OF LATEST TRANSACTION
control field 20171119092357.0
008 - FIXED-LENGTH DATA ELEMENTS--GENERAL INFORMATION
fixed length control field 171114s1968 bg |||| |ag| 000 0 ben d
035 ## - SYSTEM CONTROL NUMBER
system control number (BD-JhCC)3533
040 ## - CATALOGING SOURCE
Original cataloging agency BD-JhCC
Modifying agency BD-JhCC
041 ## - LANGUAGE CODE
Language code of Book ben
082 ## - DEWEY DECIMAL CLASSIFICATION NUMBER
Classification number 891.442
Author mark and Year GON 1968
100 ## - MAIN ENTRY--PERSONAL NAME
Personal name গণি, মিয়াঁ আবদুল
245 ## - TITLE STATEMENT
Title রাজার ছেলে :
Remainder of title কিশোর নাটিকা /
Statement of responsibility, etc মিয়াঁ আবদুল গণি,
260 ## - PUBLICATION, DISTRIBUTION, ETC. (IMPRINT)
Place of publication, distribution, etc বগুড়া :
Name of publisher, distributor, etc সাহিত্য কুঠির,
Date of publication, distribution, etc 1968
300 ## - PHYSICAL DESCRIPTION
Pagination 56 p. :
Dimensions 18 cm.
650 ## - SUBJECT ADDED ENTRY--TOPICAL TERM
Topical term or geographic name as entry element Bengali Drama
942 ## - ADDED ENTRY ELEMENTS (KOHA)
Source of classification or shelving scheme Dewey Decimal Classification
Koha item type Books
Holdings
Source of classification or shelving scheme Damaged status Not for loan Home library Current library Shelving location Date of accession Cost, normal purchase price Total Checkouts Full call number Barcode Date last seen Copy number Koha item type
Dewey Decimal Classification     JCC Rouf Library JCC Rouf Library General Stacks 11/14/2017 1.50   891.442 GON 1968 4794 11/14/2017 C-1 Books

JCC Library | Contacts | JCC Home

Last Update on 23 September 2017
Copyright @ 2017-2020 JCC Rouf Library
Rouf Library, Jhenidah Cadet College (JCC), Bangladesh